书目信息 |
| 题名: |
一个俄国军官的满洲札记
|
|
| 作者: | 多布龙拉沃夫 , Добронравов 著 ;刘秀云 , 吕景昌 译 | |
| 分册: | ||
| 出版信息: | 济南 齐鲁书社 1982 |
|
| 页数: | 163,73页 | |
| 开本: | 21cm | |
| 丛书名: | 义和团资料丛编 | |
| 单 册: | ||
| 中图分类: | K256.706.6 | |
| 科图分类: | ||
| 主题词: | 八国联军-侵华--史料 , 侵华-八国联军--史料 | |
| 电子资源: | ||
| ISBN: | ||
| 000 | 01162nam2 2200337 45 | |
| 001 | 0182000804 | |
| 005 | 20060820153326.87 | |
| 010 | @dCNY0.88 | |
| 091 | @aCN@b11206.50 | |
| 100 | @a19950225d1982 em y0chiy0121 ea | |
| 101 | 1 | @achi@crus |
| 102 | @aCN@b370000 | |
| 105 | @ay z 000yy | |
| 200 | 10 | @a一个俄国军官的满洲札记@Ayi ge e guo jun guan de man zhou zha ji@f(俄)谢·阿·多布龙拉沃夫(С.А.Добронравов)著@g刘秀云,吕景昌译 |
| 210 | @a济南@c齐鲁书社@d1982 | |
| 215 | @a163,73页@d21cm | |
| 225 | 2 | @a义和团资料丛编 |
| 300 | @a书名原文:Заметки маньчжурского стрелка | |
| 410 | 0 | @120010@a义和团资料丛编 |
| 410 | 0 | @120010@a义和团资料丛编 |
| 510 | 1 | @aЗаметки маньчжурского стрелка@zrus |
| 606 | @a八国联军-侵华@x史料 | |
| 606 | @a侵华-八国联军@x史料 | |
| 690 | @aK256.706.6@v3 | |
| 701 | 1 | @a多布龙拉沃夫@Aduo bu long la wo fu@bС.А.@4著 |
| 701 | A1 | @aДобронравов@bС.А.@4著 |
| 702 | 0 | @a刘秀云@Aliu xiu yun@4译 |
| 702 | 0 | @a吕景昌@Alu jing chang@4译 |
| 801 | 0 | @aCN@bTSSF@c20060820 |
| 801 | 2 | @aCN@bNLC@c20060724 |
| 905 | @a10447@dK256.706.6@e32 | |
| 一个俄国军官的满洲札记/(俄)谢·阿·多布龙拉沃夫(С.А.Добронравов)著/刘秀云,吕景昌译.-济南:齐鲁书社,1982 |
| 163,73页;21cm.-(义和团资料丛编) |
| 书名原文:Заметки маньчжурского стрелка |
| ISBN :CNY0.88 |
| ● |
| 相关链接 |
|
|
|
|
正题名:一个俄国军官的满洲札记
索取号:K256.706.6/32
 
预约/预借
| 序号 | 登录号 | 条形码 | 馆藏地/架位号 | 状态 | 备注 |
| 1 | 0435847 | 204358471 | 密集书库/ [索取号:K256.706.6/32] | 在馆 | |
| 2 | 0435848 | 204358480 | 密集书库/ [索取号:K256.706.6/32] | 在馆 | |
| 3 | 0467216 | 204672167 | 密集书库/ [索取号:K256.706.6/32] | 在馆 |